Scottish Premiership Football Teams by Logo - Statistics

General Stats
  • This quiz has been taken 120 times
  • The average score is 10 of 12
Answer Stats
Picture Answer % Correct
Celtic
100%
Rangers
100%
Aberdeen
98%
Dundee
96%
Hibernian
95%
Heart of Midlothian
93%
Motherwell
86%
Dundee United
79%
St Mirren
77%
Kilmarnock
75%
St Johnstone
75%
Ross County
73%
No matching quizzes found
Score Distribution
Percent of People with Each Score
Percentile by Number Answered
Your Score History
You have not taken this quiz